| 000 | 00887cam a22002655a 4500 | ||
|---|---|---|---|
| 001 | 18587398 | ||
| 005 | 20201128023931.0 | ||
| 008 | 150422t2016 njua frb 001 0 eng d | ||
| 020 | _a9780134190655 | ||
| 020 | _a0134190653 | ||
| 040 |
_aBTCTA _beng _cBTCTA _dBDX _dYDXCP _dCLE _dOCLCF _dDLC _dEG-ScBUE |
||
| 082 | 0 | 4 |
_222 _a332.6 _bTHO |
| 100 | 1 | _aThomsett, Michael C. | |
| 245 | 1 | 2 |
_aA technical approach to trend analysis : _bpractical trade timing for enhanced profits / _cMichael C. Thomsett. |
| 260 |
_aOld Tappan : _bFT Press, _cc.2016. |
||
| 300 |
_aviii, 337 p. : _bill. ; _c24 cm. |
||
| 500 | _aIndex : p. 331-337. | ||
| 504 | _aBibliography : p. 321-330. | ||
| 650 | 7 |
_aTechnical analysis (Investment analysis) _2BUEsh _941507 |
|
| 650 | 7 |
_a Investment analysis _2BUEsh _91288 |
|
| 650 | 0 |
_aStocks. _2BUEsh |
|
| 651 | _2BUEsh | ||
| 653 |
_bBUSADM _cOctober2016 |
||
| 942 | _2ddc | ||
| 999 |
_c22800 _d22772 |
||